| 000 | 00627nam a2200229Ia 4500 | ||
|---|---|---|---|
| 999 |
_c26969 _d26969 |
||
| 003 | GCL | ||
| 005 | 20240530101605.0 | ||
| 008 | 140319s9999 xx 000 0 ara d | ||
| 040 |
_aGCL / _cGCL |
||
| 082 | 0 | 4 |
_aد _b050 _bد ر |
| 100 | 1 | _aدار روز اليوسف | |
| 245 | 1 | 0 |
_aروز اليوسف / _cدار روز اليوسف |
| 260 |
_a[S.N] : _bدار روزاليوسف للنشر |
||
| 300 | _a88 | ||
| 490 |
_aمن تراث الاندلس _v0 |
||
| 650 | 0 | 4 | _aالاقتصاد |
| 650 | 0 | 4 | _aالادب |
| 650 | 0 | 4 | _aالسياسة |
| 650 | 0 | 4 | _aالرياضة |
| 650 | 0 | 4 | _aالفنون |
| 942 |
_2ddc _cCF |
||